000 00759nac a2200205 a 4500
003 Co-PeBPM
005 20250724154903.0
008 250724b |||||||| |||| 00| 0 spa d
020 _a9789589924860
040 0 _aCo-PeBPM
_bspa
_cCo-PeBPM
_erda
041 0 _aspa
082 _a320.986 R78v1
245 1 0 _aLa voz del poder
_b: el discurso presidencial en Colombia 1938-1990
_c/ dirección editorial Álvaro García Jiménez.
260 _aBogotá
_b: RTVC - Sistema de Medios Públicos
_c, 2021
300 _a396 páginas
_b: fotografías , gráficas
_c; 24 cm.
650 1 4 _2LEMB
_aDiscursos presidenciales
_yiglo XX.
_zColombia
650 1 4 _2LEMB
_aPresidentes colombianos
_ySiglo XX.
700 _aGarcía Jiménez, Alvaro
_e, edición.
942 _2ddc
_cBK
_n0
999 _c61072
_d61072